Normal view
MARC view
- Dr. Muhammad Shahazad.
Entry Personal Name
001 - CONTROL NUMBER
- control field: 30908
003 - CONTROL NUMBER IDENTIFIER
- control field: NUST
005 - DATE AND TIME OF LATEST TRANSACTION
- control field: 20200929114105.0
008 - FIXED-LENGTH DATA ELEMENTS
- fixed length control field: 200929|| aca||aabn | a|a d
040 ## - CATALOGING SOURCE
- Original cataloging agency: NUST
- Transcribing agency: NUST
100 ## - HEADING--PERSONAL NAME
- Personal name: Dr. Muhammad Shahazad.
670 ## - SOURCE DATA FOUND
- Source citation: Work cat.: (NUST): Muhammad Haroon ; Umer Imran ; Muhammad Faisal Zahoor 30906, CHAPERONE (Where Al Meets Athlectics) /, 2019.
